|
|
|
|
| LEADER |
00000nab a2200000 a 4500 |
| 001 |
vtls000623355 |
| 003 |
SK-MaSNL |
| 005 |
20260304091538.0 |
| 008 |
250425c1997 xo 0 slo |
| 015 |
|
|
|a SNBRB19rr/mm-uuuuu
|
| 035 |
|
|
|a CL0623494
|
| 035 |
|
|
|a urn:nbn:sk:snk-abbqse
|
| 035 |
|
|
|a (urnnbn)urn:nbn:sk:snk:ar-a09umt
|
| 035 |
|
|
|a (uuid)d739082a-d9e0-4de8-a185-ced5c5415ade
|
| 040 |
|
|
|a SNKBUCL
|b slo
|c SNKBUCL
|e AACR2
|
| 041 |
0 |
|
|a slo
|
| 044 |
|
|
|a xo
|c SK
|
| 080 |
|
|
|a 539.3:536:519.6:517.9
|2 1981
|
| 080 |
|
|
|a 536
|2 1981
|
| 080 |
|
|
|a 519.6
|2 1981
|
| 080 |
|
|
|a 517.9
|2 1981
|
| 080 |
|
|
|a 621.7.01
|2 1981
|
| 100 |
1 |
|
|a Murín, Justín,
|d 1951-
|4 aut
|9 212458
|
| 245 |
1 |
0 |
|a Slabo viazaná termomechanická úloha - riešenie metódou konečných prvkov
|c Justín Murín, Branislav Hučko
|
| 650 |
0 |
7 |
|a termomechanika
|2 snkbucl
|9 3689
|
| 650 |
0 |
7 |
|a metóda konečných prvkov
|2 snkbucl
|9 15028
|
| 655 |
|
7 |
|a články z novín a časopisov
|2 snkbucl
|9 267496
|
| 700 |
1 |
|
|a Hučko, Branislav,
|d 1961-
|4 aut
|9 199887
|
| 773 |
0 |
|
|t Strojnícky časopis
|g Roč. 48, č. 2 (1997), s. 86-96
|x 0039-2472
|
| 850 |
|
|
|a Slovenská národná knižnica
|
| 852 |
|
|
|a Slovenská národná knižnica
|
| 954 |
|
|
|a odborná, vedecká literatúra pôvodná (slovenská)
|2 lita
|
| 958 |
|
|
|a article15
|
| 958 |
|
|
|a NB
|
| 958 |
|
|
|a RK
|
| 958 |
|
|
|a OND
|
| 958 |
|
|
|a EUIPO
|
| 992 |
|
|
|a RBX
|
| 999 |
|
|
|c 2815810
|d 2817740
|